00604nam a22002057a 450000500170000001000130001702000220003003500130005203700160006504000120008108200180009310000190011124500580013026000590018827000570024730000260030450000200033065000220035065000260037220170124110037.0 aA-861517 c00.00a0074630601 aA-861517 bCen Lib/Ret aDPLbEN a005.7565bCOX aCox, Thomas B. aOracle workgroup server handbook /cby Thomas B. Cox  aNew Delhi bTata McGraw Hill Publishing Copmnay c1995 a4/12, ansari road , dariya ganj bNew Delhi e110002 axxii, 287p.c23cm(Hb) aIncludes index  aComputer science  aLanguages vHandbook